Die Kunst der Interpretation : französische Reproduktionsgraphik 1648-1792

Eine der bedeutendsten künstlerischen Leistungen des Barock, die Reproduktionsgraphik, führt seit fast einem Jahrhundert in den graphischen Sammlungen ein Schattendasein. Das gilt insbesondere für den Kupferstich, den Holzschnitt und für die Radierung nach den Meisterwerken italienischer, franzo...

Ausführliche Beschreibung

Gespeichert in:
Bibliographische Detailangaben
Dokumenttyp: Buch
Sprache:German
Veröffentlicht: München ; Berlin : Deutscher Kunstverlag , 2003
Schlagwörter:
Online Zugang:Inhaltsverzeichnis
Rezension
Rezension
Rezension
Book review (H-Net)
Bibliogr. Hinweis:Gefolgt von: Die Kunst der Interpretation
Rezensiert in: [Rezension von: Norberto Gramaccini / Hans Jakob Meier, Die Kunst der Interpretation]
Verantwortlich:Norberto Gramaccini ; Hans Jakob Meier
LEADER 06510cam a2200877 c 4500
001 354346733
003 DE-627
005 20260421160602.0
007 tu
008 020926s2003 gw ||||| r 00| ||ger c
020 |a 3422063560  |9 3-422-06356-0 
035 |a (DE-627)354346733 
035 |a (DE-576)100139221 
035 |a (DE-599)GBV354346733 
035 |a (OCoLC)1532720632 
035 |a (OCoLC)163405257 
035 |a (AT-OBV)AC03477761 
040 |a DE-627  |b ger  |c DE-627  |e rakwb 
041 |a ger 
044 |c XA-DE 
050 0 |a NE647 
084 |a 46  |2 sdnb 
084 |a 03  |2 sdnb 
084 |a 9,10  |2 ssgn 
084 |a LM 85000  |q BVB  |2 rvk  |0 (DE-625)rvk/101525: 
084 |a LM 85120  |q BVB  |2 rvk  |0 (DE-625)rvk/101530: 
084 |a LM 85130  |q BVB  |2 rvk  |0 (DE-625)rvk/101531: 
084 |a LM 85340  |q BVB  |2 rvk  |0 (DE-625)rvk/101552: 
084 |a LM 85330  |2 rvk  |0 (DE-625)rvk/101551: 
084 |a 20.70  |2 bkl 
084 |a 21.32  |2 bkl 
245 0 4 |a Die Kunst der Interpretation  |b französische Reproduktionsgraphik 1648-1792  |c Norberto Gramaccini ; Hans Jakob Meier 
264 1 |a München  |a Berlin  |b Deutscher Kunstverlag  |c 2003 
300 |a 382 S.  |b überw. Ill.  |c 184 Ill. ; 32,5 cm 
336 |a Text  |b txt  |2 rdacontent 
337 |a ohne Hilfsmittel zu benutzen  |b n  |2 rdamedia 
338 |a Band  |b nc  |2 rdacarrier 
500 |a Literaturverz. S. 371 - 378 
520 |a Eine der bedeutendsten künstlerischen Leistungen des Barock, die Reproduktionsgraphik, führt seit fast einem Jahrhundert in den graphischen Sammlungen ein Schattendasein. Das gilt insbesondere für den Kupferstich, den Holzschnitt und für die Radierung nach den Meisterwerken italienischer, französischer und flämischer Kunst, wie er vor allem in Frankreich unterrichtet wurde. Es war eine Kunst, die über fast zwei Jahrhunderte zu den hinreißendsten Leistungen führte, die die herausragendsten französischen Kupferstecher oft über Jahrzehnte mit den verschiedenen europäischen Herrscherhäusern verband. Häufig wurden Kupferstiche ebenso heftig diskutiert wie die Originale selbst, manchmal stellten sie diese sogar in den Schatten. Das nun vorliegende Handbuch dient zur Einführung in die Kunst des französischen Reproduktionsstiches von 1648 bis 1792. Es umfaßt Kupferstich und Radierung ebenso wie den Farbholzschnitt und die verschiedenen Techniken zur farbigen Wiedergabe eines Originals, die sich im späteren 18. Jahrhundert mit der manière de crayon und den Vorläufern des Vierfarbendrucks entwickelt haben. Knappe Texte führen in den umfangreichen Bildteil und in den detaillierten Katalog ein. 
583 1 |a Archivierung/Langzeitarchivierung gewährleistet  |f SSG  |x XA-DE-BW  |2 pdager  |5 DE-16 
650 0 |a Graphic arts  |x History  |x 17th century  |x France 
650 0 |a Graphic arts  |x History  |x 18th century  |x France 
650 0 |a Engraving, French  |x History  |x 17th century 
650 0 |a Engraving, French  |x History  |x 18th century 
650 0 |a Prints, French  |x History  |x 17th century 
650 0 |a Prints, French  |x History  |x 18th century 
650 0 |a Art, French  |x Copying 
650 0 |a Art, French  |x Reproduction 
655 7 |a Verzeichnis  |0 (DE-588)4188171-0  |0 (DE-627)105266639  |0 (DE-576)210051078  |2 gnd-content 
689 0 0 |d g  |0 (DE-588)4018145-5  |0 (DE-627)106327232  |0 (DE-576)208922857  |a Frankreich  |2 gnd 
689 0 1 |d s  |0 (DE-588)4115750-3  |0 (DE-627)104660759  |0 (DE-576)209495758  |a Reproduktionsgrafik  |2 gnd 
689 0 2 |a z  |2 gnd  |a Geschichte 1648-1792 
689 0 |5 DE-101 
700 1 |a Gramaccini, Norberto  |d 1951-  |0 (DE-588)118191861  |0 (DE-627)079296874  |0 (DE-576)174989857  |4 oth 
700 1 |a Meier, Hans Jakob  |0 (DE-588)124640168  |0 (DE-627)521517761  |0 (DE-576)294425306  |4 oth 
785 0 0 |i Gefolgt von  |a Gramaccini, Norberto, 1951 -   |t Die Kunst der Interpretation  |d Berlin : Deutscher Kunstverlag, 2009  |h 518 Seiten  |w (DE-627)1617513148  |w (DE-576)302296344  |z 9783422068728 
787 0 8 |i Rezensiert in  |a Rümelin, Christian, 1966 -   |t [Rezension von: Norberto Gramaccini / Hans Jakob Meier, Die Kunst der Interpretation]  |d 2004  |w (DE-627)1919836004 
856 4 2 |u http://www.gbv.de/dms/weimar/toc/354346733_toc.pdf  |m V:DE-601  |m B:DE-Wim2  |x Verlag  |y Inhaltsverzeichnis  |3 Inhaltsverzeichnis  |7 1 
856 4 2 |u https://swbplus.bsz-bw.de/bsz100139221rez-1.htm  |m B:DE-576;DE-16  |q application/pdf  |v 20081105203932  |x Verlag  |3 Rezension  |7 1 
856 4 2 |u https://swbplus.bsz-bw.de/bsz100139221rez.htm  |m V:DE-576  |v 2005-05-24  |3 Rezension  |7 1 
856 4 2 |u http://www.sehepunkte.de/2004/01/2834.html  |m V:DE-576;X:Sehepunkte  |q text/html  |v 20180424122843  |3 Rezension  |7 1 
856 4 2 |u http://www.h-net.org/review/hrev-a0d2c6-aa  |x Verlag  |y Book review (H-Net)  |7 1 
935 |i Blocktest 
936 r v |a LM 85000  |b Allgemeine Darstellungen (Geschichte, Abbildungswerke, Gesammelte Biografien von Zeichnern, Grafikern)  |k Kunstgeschichte  |k Kunst nach Ländern bzw. Kontinenten  |k Frankreich  |k Französische Kunstgeschichte nach Gattungen  |k Zeichnung und Grafik  |k Allgemeine Darstellungen (Geschichte, Abbildungswerke, Gesammelte Biografien von Zeichnern, Grafikern)  |0 (DE-627)127114459X  |0 (DE-625)rvk/101525:  |0 (DE-576)20114459X 
936 r v |a LM 85120  |b Malerei  |k Kunstgeschichte  |k Kunst nach Ländern bzw. Kontinenten  |k Frankreich  |k Französische Kunstgeschichte nach Gattungen  |k Zeichnung und Grafik  |k Beziehungen zu anderen Kunstgattungen  |k Malerei  |0 (DE-627)1271144638  |0 (DE-625)rvk/101530:  |0 (DE-576)201144638 
936 r v |a LM 85130  |b Skulptur  |k Kunstgeschichte  |k Kunst nach Ländern bzw. Kontinenten  |k Frankreich  |k Französische Kunstgeschichte nach Gattungen  |k Zeichnung und Grafik  |k Beziehungen zu anderen Kunstgattungen  |k Skulptur  |0 (DE-627)1271144646  |0 (DE-625)rvk/101531:  |0 (DE-576)201144646 
936 r v |a LM 85340  |b Rokoko  |k Kunstgeschichte  |k Kunst nach Ländern bzw. Kontinenten  |k Frankreich  |k Französische Kunstgeschichte nach Gattungen  |k Zeichnung und Grafik  |k Einzelne Epochen  |k Rokoko  |0 (DE-627)1271144808  |0 (DE-625)rvk/101552:  |0 (DE-576)201144808 
936 r v |a LM 85330  |b Barock  |k Kunstgeschichte  |k Kunst nach Ländern bzw. Kontinenten  |k Frankreich  |k Französische Kunstgeschichte nach Gattungen  |k Zeichnung und Grafik  |k Einzelne Epochen  |k Barock  |0 (DE-627)1271144794  |0 (DE-625)rvk/101551:  |0 (DE-576)201144794 
936 b k |a 20.70  |j Europäische Kunst: Allgemeines  |0 (DE-627)106406566 
936 b k |a 21.32  |j Geschichte der Graphik  |0 (DE-627)106405756 
951 |a BO 
990 |a Frankreich 
990 |a Reproduktionsgrafik 
990 |a Geschichte 1648-1792 
991 |a rzensiertes werk 
999 |a KXP-PPN354346733  |e 4966471761